000 003200000a22001570004500
001 000352
003 MACL
040 _aMACL
090 _c352
_d352
100 _aManna, B.
245 _aMass Media And Laws In India
_cB. Manna
260 _aNaya Prokash,
_c1998
350 _a180
650 _aLaw
942 _k340
_cBook
999 _c49659
_d49659